| 000 | 00436nam a2200157Ia 4500 | ||
|---|---|---|---|
| 008 | 240729s9999 xx 000 0 und d | ||
| 022 | _a1179-1594 | ||
| 245 | 0 | _aRisk Management and Healthcare Policy | |
| 260 | _aUnited Kingdom | ||
| 260 | _bDove Medical Press | ||
| 650 | _a Public aspects of medicine | ||
| 650 | _aMedicine | ||
| 856 | _uhttps://doaj.org/toc/6b151e99ba5044e2be5c07734bf702a3 | ||
| 942 | _2ddc | ||
| 942 | _cDOAJEJ | ||
| 999 |
_c73815 _d73815 |
||
| 945 |
_a1 _bMadushi Gamage _c1 _dMadushi Gamage |
||